[Event "TCh-ROU 2013"]
[Site "Mamaia ROU"]
[Date "2013.09.01"]
[Round "2.5"]
[White "Dragomirescu,R"]
[Black "Murariu,A"]
[Result "1/2-1/2"]
[WhiteElo "2368"]
[BlackElo "2533"]

1.e4 c5 2.Nf3 Nc6 3.Bb5 g6 4.Bxc6 dxc6 5.d3 Bg7 6.h3 Nf6 7.Nc3 Nd7 8.Be3 e5
9.Qd2 Qe7 10.Bh6 Bxh6 11.Qxh6 f6 12.Nh2 Nf8 13.f4 exf4 14.Qxf4 Ne6 15.Qf2 O-O
16.O-O-O b5 17.h4 a5 18.h5 g5 19.Ne2 Kh8 20.Ng4 Nd4 21.Ne3 Nxe2+ 22.Qxe2 a4
23.Qd2 Be6 24.Nf5 Bxf5 25.exf5 Qe5 26.Qc3 Qxf5 27.Rhf1 Qe5 28.Rde1 Qxc3 29.bxc3 b4
30.Re6 bxc3 31.Rexf6 Kg8 32.Kd1 Rab8 33.Rxf8+ Rxf8 34.Rxf8+ Kxf8 35.Ke2 Ke7
36.Ke3 Ke6 37.Ke4 a3 38.g3 Kf6 39.h6 Ke6 40.g4 Kf6 41.d4 cxd4 42.Kxd4 Ke6
43.Kxc3 Ke5 44.Kb3 Kf4 45.Kxa3 Kxg4 46.Kb4 Kh5 47.a4 g4 48.a5 g3 49.a6 g2
50.a7 g1=Q 51.a8=Q Qb6+ 52.Kc4 Qb5+ 53.Kc3 Qe5+ 54.Kb3 Qe6+ 55.c4 Kxh6 56.Qd8 Kg6
57.Qd3+ Kg7 58.Qg3+ Kf8 59.Qf4+ Ke8 60.Qb8+ Ke7 61.Qc7+ Qd7 62.Qe5+ Kf7 63.Qh5+ Kf6
64.Qh6+ Ke5 65.Qe3+ Kd6 66.Qf4+ Kc5 67.Qe3+ Kd6 68.Qf4+ Ke7 69.Qe5+ Kf7 70.Qh5+ Kf8
71.Qc5+ Kg8 72.Qg5+ Kf8  1/2-1/2

[Event "Petersburg Summer Rapid 2013"]
[Site "St Petersburg RUS"]
[Date "2013.09.01"]
[Round "5.7"]
[White "Khairullin,I"]
[Black "Malakhov,I"]
[Result "1/2-1/2"]
[WhiteElo "2651"]
[BlackElo "2434"]

1.e4 c5 2.Nf3 Nc6 3.Bb5 e6 4.Bxc6 bxc6 5.b3 Ne7 6.Bb2 Ng6 7.h4 h5 8.e5 Be7
9.Na3 Ba6 10.d3 Qa5+ 11.Qd2 Qxd2+ 12.Kxd2 f6 13.g3 O-O 14.Rhf1 fxe5 15.Nxe5 Nxe5
16.Bxe5 d6 17.Bb2 e5 18.Rae1 Rf3  1/2-1/2

[Event "Petersburg Summer Rapid 2013"]
[Site "St Petersburg RUS"]
[Date "2013.09.01"]
[Round "8.2"]
[White "Pridorozhni,A"]
[Black "Shirov,A"]
[Result "0-1"]
[WhiteElo "2516"]
[BlackElo "2696"]

1.e4 c5 2.Nf3 Nc6 3.Bb5 e6 4.O-O Nge7 5.Re1 a6 6.Bxc6 Nxc6 7.d4 cxd4 8.Nxd4 Qc7
9.Nc3 Bd6 10.g3 Be5 11.Nf3 d6 12.Be3 Bxc3 13.bxc3 e5 14.Qd3 O-O 15.Red1 Bg4
16.Kg2 Rad8 17.Rab1 Qc8 18.Bb6 Rd7 19.h3 Be6 20.c4 f5 21.Ng5 fxe4 22.Qa3 Bxc4
23.Rxd6 Nd4 24.Nxe4 Bd5 25.Rxd5 Rxd5 26.c3 Qf5  0-1

[Event "Petersburg Summer Rapid 2013"]
[Site "St Petersburg RUS"]
[Date "2013.09.01"]
[Round "8.11"]
[White "Fedoseev,Vl3"]
[Black "Alekseenko,K"]
[Result "1-0"]
[WhiteElo "2532"]
[BlackElo "2435"]

1.e4 c5 2.Nf3 Nc6 3.Bb5 g6 4.Bxc6 bxc6 5.O-O Bg7 6.d3 d6 7.h3 Nh6 8.c3 O-O
9.Re1 f6 10.d4 cxd4 11.cxd4 Nf7 12.Nc3 Bd7 13.Be3 Qb8 14.Qc2 Qb7 15.b3 Rfe8
16.Rad1 Rad8 17.Bc1 Qb8 18.Bb2 f5 19.Qe2 fxe4 20.Nxe4 Qb5 21.Qd2 Qd5 22.Nc3 Qh5
23.Qe2 Ng5 24.Nxg5 Qxg5 25.Rd3 Qh5 26.Qxh5 gxh5 27.Ne2 c5 28.Rd2 Bh6 29.Rdd1 c4
30.bxc4 Rc8 31.c5 Bf5 32.Bc1 Bf8 33.Be3 dxc5 34.dxc5 e5 35.Rc1 Rc6 36.Ng3 Bg6
37.Rc4 Rec8 38.Ne4 Ra6 39.a4 Be8 40.Ra1 Rb8 41.Bd2 Rg6 42.Ng3 Bc6 43.Rac1 Be7
44.Kf1 h4 45.Nf5 Bxg2+ 46.Ke2 Bd8 47.c6 Rb3 48.c7 Bf3+ 49.Kf1 Bxc7 50.Ne7+ Kf7
51.Nxg6  1-0

[Event "Petersburg Summer Rapid 2013"]
[Site "St Petersburg RUS"]
[Date "2013.09.01"]
[Round "11.4"]
[White "Pridorozhni,A"]
[Black "Khairullin,I"]
[Result "1/2-1/2"]
[WhiteElo "2516"]
[BlackElo "2651"]

1.e4 c5 2.Nf3 Nc6 3.Bb5 e6 4.Bxc6 bxc6 5.d3 Ne7 6.Qe2 f6 7.Nh4 g6 8.f4 d6
9.Nf3 Bg7 10.Nc3 e5 11.fxe5 fxe5 12.Be3 O-O 13.Qd2 Bg4 14.O-O Bxf3 15.Rxf3 Rxf3
16.gxf3 Qd7 17.Rf1 Rf8 18.Qg2 h5 19.Nd1 Kh7 20.Nf2 Bh6 21.Bxh6 Kxh6 22.Nh3 Qe6
23.f4 exf4 24.Rxf4 Rxf4 25.Qg5+ Kh7 26.Nxf4 Qf7 27.e5 dxe5 28.Qxe5 Nf5 29.Nh3 Qxa2
30.Qc7+ Kh6 31.Qf4+ Kg7 32.Qe5+ Kh7 33.Qc7+  1/2-1/2

[Event "TCh-SRB 1st League 2013"]
[Site "Kragujevac SRB"]
[Date "2013.09.02"]
[Round "10.4"]
[White "Marinovic,B"]
[Black "Radusinovic,L"]
[Result "1/2-1/2"]
[WhiteElo "2391"]
[BlackElo "2306"]

1.e4 c5 2.Nf3 Nc6 3.Bb5 d6 4.d4 cxd4 5.Qxd4 Bd7 6.Bxc6 Bxc6 7.Nc3 h6 8.Qd3 e5
9.Nd2 Nf6 10.Nc4 b5 11.Ne3 a6 12.O-O b4 13.Ncd5 Nxd5 14.Nxd5 Bb5 15.c4 bxc3
16.Qxc3 Rc8 17.Qa3 Bxf1 18.Kxf1 Be7 19.Qa4+ Kf8 20.Be3 g6 21.Qxa6 Kg7 22.Qd3 Bg5
23.Bb6 Qd7 24.a4 f5 25.b4 Rhf8 26.b5 fxe4 27.Qxe4 Qb7 28.g3 Bd8 29.Be3 Bg5
30.Bb6 Bd8 31.Be3 Bg5 32.Bb6 Bd8  1/2-1/2

[Event "TCh-SRB 1st League w 2013"]
[Site "Kragujevac SRB"]
[Date "2013.09.02"]
[Round "10.2"]
[White "Mladenovic,J"]
[Black "Vuckovic,J"]
[Result "1-0"]
[WhiteElo "2123"]
[BlackElo "1868"]

1.e4 c5 2.Nf3 Nc6 3.Bb5 g6 4.O-O Bg7 5.Nc3 e5 6.d3 Nge7 7.Bc4 O-O 8.a3 d6
9.Be3 Nd4 10.Bg5 h6 11.Bxe7 Qxe7 12.Nd5 Qd8 13.Nxd4 cxd4 14.f4 exf4 15.Nxf4 Qg5
16.h4 Qg3 17.Qf3 Qxf3 18.Rxf3 Kh7 19.Nd5 f5 20.Raf1 Rd8 21.h5 fxe4 22.hxg6+ Kxg6
23.Rg3+ Kh7 24.Rf7  1-0

[Event "TCh-ROU w 2013"]
[Site "Mamaia ROU"]
[Date "2013.09.02"]
[Round "3.4"]
[White "Vasilescu,M"]
[Black "Lolici,I"]
[Result "1-0"]
[WhiteElo "1880"]
[BlackElo "1931"]

1.e4 c5 2.Nf3 Nc6 3.Bb5 g6 4.Bxc6 bxc6 5.O-O Bg7 6.c3 d6 7.Re1 e5 8.d4 cxd4
9.cxd4 exd4 10.e5 dxe5 11.Nxe5 Bxe5 12.Rxe5+ Be6 13.b3 Qd7 14.Bb2 f6 15.Rc5 Ne7
16.Nd2 Kf7 17.Ne4 Bf5 18.Ng3 Rhd8 19.Rc4 d3 20.Qd2 Nd5 21.Rac1 Rac8 22.Qh6 Kg8
23.Rh4 g5 24.Rd4 c5 25.Rxd5 Qxd5 26.Qxf6 Rc7 27.Nxf5 h5 28.Qh8+ Kf7 29.Qg7+ Ke6
30.Re1+ Kxf5 31.Re5+  1-0

[Event "12th Kesarovski Mem"]
[Site "Sunny Beach BUL"]
[Date "2013.09.02"]
[Round "3.2"]
[White "Georgiev,Kr"]
[Black "Georgiev,Vl"]
[Result "1/2-1/2"]
[WhiteElo "2448"]
[BlackElo "2546"]

1.e4 c5 2.Nf3 Nc6 3.Bb5 e5 4.O-O Bd6 5.c3 Nge7 6.d4 cxd4 7.cxd4 exd4 8.Nxd4 a6
9.Be2 O-O 10.Nc3 Be5 11.Be3 d5 12.exd5 Nxd5 13.Nxd5 Nxd4 14.Bxd4 Qxd5 15.Bxe5 Qxe5
16.Qd2 Be6 17.Rfd1 Rac8 18.Bf3 Rc7 19.b3 Rd7 20.Qc2 Rc7 21.Qd2 Rd7 22.Qc2 Rc7  1/2-1/2

[Event "Satka Autumn 2013"]
[Site "Satka RUS"]
[Date "2013.09.03"]
[Round "1"]
[White "Vanishvili,Mari"]
[Black "Makarenko,A"]
[Result "1/2-1/2"]
[WhiteElo "1834"]
[BlackElo "2103"]

1.e4 c5 2.Nf3 Nc6 3.Bb5 e5 4.Nc3 d6 5.d3 g6 6.Bg5 Be7 7.Qd2 a6 8.Bxe7 Nxe7
9.Bxc6+ bxc6 10.Qh6 Ng8 11.Qe3 Nf6 12.h4 Rb8 13.Rb1 Qa5 14.Nd2 Be6 15.Nc4 Qxc3+
16.bxc3 Rxb1+ 17.Ke2 Rxh1 18.Nxd6+ Ke7 19.Qxc5 Nd7 20.Nf5+ Kd8 21.Qa5+ Ke8
22.Qxa6 gxf5 23.Qc8+ Ke7 24.Qxh8 fxe4 25.a4 Bg4+ 26.f3 exf3+ 27.gxf3 Rh2+
28.Ke3 Be6 29.Qa8 Kd6 30.a5 f5 31.d4 Rxc2 32.dxe5+ Kxe5 33.Qh8+ Kd6 34.a6 Ra2
35.a7 f4+ 36.Kxf4 Ra4+ 37.Kg3 Nb6 38.Qf8+ Kd5 39.Qd8+ Kc5 40.Qe7+ Kd5 41.c4+ Rxc4
42.Qd8+ Kc5 43.a8=Q Nxa8 44.Qxa8 Bd5 45.Qa7+ Kb4 46.Qxh7 Rc3 47.Qb1+ Kc4
48.h5 Rxf3+ 49.Kg4 Re3 50.Qc1+ Kd3 51.h6 Be4 52.Qa3+ Kd2 53.Qb4+ Kd3 54.Qd6+ Kc4
55.Kf4 Re2 56.Qe6+ Kd3 57.Qd7+ Kc4 58.h7 Bxh7 59.Qxc6+ Kd4 60.Qd7+ Kc5 61.Qxh7 Re6
62.Qc7+ Kd5 63.Qd7+ Rd6 64.Qb5+ Ke6 65.Qf5+ Ke7 66.Ke5 Rc6 67.Qh7+ Ke8 68.Qb7 Rg6
69.Qc8+ Ke7 70.Qc7+ Ke8 71.Kf5 Rh6 72.Qe5+ Kf7 73.Kg5 Rg6+ 74.Kf5 Rh6 75.Qd5+ Kg7
76.Qd7+ Kg8 77.Kg5 Rh7 78.Qe8+ Kg7 79.Qg6+ Kh8 80.Kf5 Rf7+ 81.Ke5 Re7+ 82.Kf6 Re6+
83.Kxe6  1/2-1/2

[Event "Satka Autumn 2013"]
[Site "Satka RUS"]
[Date "2013.09.03"]
[Round "1"]
[White "Krotiuk,Daria"]
[Black "Suslova,A"]
[Result "0-1"]
[WhiteElo "1907"]
[BlackElo "2209"]

1.e4 c5 2.Nf3 Nc6 3.Bb5 g6 4.Bxc6 bxc6 5.O-O Nf6 6.Re1 Bg7 7.c3 O-O 8.d4 cxd4
9.cxd4 Rb8 10.Nc3 Ne8 11.Rb1 Qa5 12.Bf4 d6 13.Qd2 Bg4 14.Bh6 Bxf3 15.Bxg7 Nxg7
16.gxf3 Qh5 17.Qe3 f5 18.Ne2 fxe4 19.Ng3 Qxf3 20.Qxf3 Rxf3 21.Rxe4 Rf7 22.b3 Kf8
23.Rc1 Rb6 24.Re2 Nf5 25.Nxf5 Rxf5 26.Rec2 Ra5 27.Rxc6 Rxc6 28.Rxc6 Rxa2
29.Kg2 Rb2 30.Rc3 Rd2 31.Rc4 Kf7 32.Ra4 Rd3 33.Rxa7 Rxb3 34.Ra4 Rd3 35.f3 g5
36.Kf2 Kf6 37.Ke2 Rb3 38.Ra2 h5 39.h3 Rb1 40.Kf2 Rh1 41.Kg2 Rd1 42.Ra4 Rd2+
43.Kg1 Kf5 44.Ra7 Re2 45.Kf1 Re3 46.Kg2 Kf4 47.Ra5 Re2+ 48.Kf1 Rd2 49.Ra7 Kxf3
50.Ke1 Rxd4  0-1

[Event "12th Izmir Open"]
[Site "Izmir TUR"]
[Date "2013.09.04"]
[Round "9.15"]
[White "Secer,A"]
[Black "Okus,M"]
[Result "1-0"]
[WhiteElo "2301"]
[BlackElo "1987"]

1.e4 c5 2.Nf3 Nc6 3.Bb5 g6 4.Bxc6 dxc6 5.d3 Bg7 6.h3 Nh6 7.Nc3 f6 8.O-O O-O
9.Be3 b6 10.Qd2 Nf7 11.a3 e5 12.Nh2 f5 13.exf5 Bxf5 14.Rad1 Qc7 15.Nf3 Rad8
16.Qe2 Bc8 17.Ne4 Nd6 18.Nxd6 Rxd6 19.Ng5 Bf5 20.Ne4 Rd7 21.f3 h6 22.b3 Rdf7
23.a4 a5 24.Nd2 Be6 25.Nc4 Rf5 26.Bd2 g5 27.Rde1 R8f7 28.Bc3 Bxc4 29.bxc4 h5
30.g4 e4 31.gxf5 Bxc3 32.Rb1 e3 33.Kg2 Qf4 34.Kh1 Qxf5 35.Qg2 Re7 36.h4 e2
37.Rfe1 Bxe1 38.Rxe1 g4 39.fxg4 hxg4 40.Rxe2 Rxe2 41.Qxe2 Kg7 42.Kg2 Qf4
43.Qe7+ Kh6 44.Qe4 Qd2+ 45.Kg3 Qxc2 46.Qxc6+ Kg7 47.Qd7+ Kf6 48.Qd8+ Kg7
49.Qe7+ Kh8 50.Qf8+ Kh7 51.Qf5+ Kh8 52.Qh5+ Kg7 53.Qxg4+ Kf8 54.Qf5+ Kg7
55.Qd7+ Kh8 56.h5 Qb1 57.Qe8+ Kg7 58.Qg6+ Kf8 59.Kf4 Qc1+ 60.Ke5 Qe3+ 61.Kd6 Qf4+
62.Kc6 Qb8  1-0

[Event "ch-POR 2013"]
[Site "Lisbon POR"]
[Date "2013.09.04"]
[Round "3.1"]
[White "Reis,Luis So"]
[Black "Damaso,R"]
[Result "0-1"]
[WhiteElo "2257"]
[BlackElo "2377"]

1.e4 c5 2.Nf3 Nc6 3.Bb5 g6 4.O-O Bg7 5.Nc3 Nd4 6.Re1 Nxb5 7.Nxb5 a6 8.Nc3 d6
9.d4 cxd4 10.Nxd4 Nf6 11.Bg5 h6 12.Bh4 O-O 13.h3 Qb6 14.Rb1 Bd7 15.Kh2 Rac8
16.f4 e6 17.e5 Nh5 18.Be7 Rc4 19.Nf3 Rfc8 20.Ne4 Rxc2 21.Qxd6 Bc6 22.Qd4 Qa5
23.Rbd1 Nxf4 24.Bb4 Rxg2+ 25.Kh1 Qxa2 26.Bd2 Qb3 27.Bc3 Re2 28.Rd2 Bxe4 29.Qxe4 Rxe4
30.Rxe4 g5 31.Rb4 Qa2 32.Rxb7 Qb1+ 33.Ng1 Qe4+ 34.Kh2 Qxb7  0-1

[Event "78th ch-ESP 2013"]
[Site "Linares ESP"]
[Date "2013.09.05"]
[Round "8.30"]
[White "Barrenechea Bahamonde,G"]
[Black "Boutahar Belgasi,Tarik"]
[Result "1-0"]
[WhiteElo "2183"]
[BlackElo "1980"]

1.e4 c5 2.Nf3 Nc6 3.Bb5 d6 4.O-O Bd7 5.Re1 e6 6.c3 a6 7.Bf1 Nf6 8.d4 e5 9.h3 h6
10.Nbd2 Qc7 11.Nc4 b5 12.Ne3 Be7 13.Nd5 Qd8 14.a4 Rb8 15.dxc5 dxc5 16.Nxf6+ gxf6
17.axb5 axb5 18.Be3 Qc8 19.Kh2 Be6 20.Nh4 c4 21.Qf3 b4 22.Nf5 Bxf5 23.exf5 Nd8
24.Qe4 Nb7 25.Qxc4 Qxf5 26.Qd5 Nd8 27.Ra7 Qe6 28.Bb5+ Kf8 29.Rd1 Qxd5 30.Rxd5 bxc3
31.bxc3  1-0

[Event "TCh-ROU w 2013"]
[Site "Mamaia ROU"]
[Date "2013.09.05"]
[Round "6.2"]
[White "Ionescu,I"]
[Black "Jicman,L"]
[Result "1-0"]
[WhiteElo "2229"]
[BlackElo "2143"]

1.e4 c5 2.Nf3 Nc6 3.Bb5 g6 4.O-O Bg7 5.Re1 e5 6.Bxc6 dxc6 7.h3 Qe7 8.d3 h6
9.Nbd2 Nf6 10.Nc4 Nd7 11.Be3 Nf8 12.Qd2 b6 13.a4 g5 14.Qc3 Ng6 15.a5 b5 16.Ncd2 c4
17.dxc4 b4 18.Qb3 Nf4 19.c5 h5 20.Nc4 Kf8 21.Nd6 g4 22.Ng5 Be6 23.Nxe6+ Nxe6
24.Nf5 Qf6 25.h4 Nd4 26.Nxd4 exd4 27.Bg5 Qe6 28.Qxb4 Be5 29.Qd2 Rb8 30.b4 Kg7
31.Rab1 Rb5 32.Rb3 f6 33.Bf4 Rhb8 34.Bxe5 Qxe5 35.Rf1 Qxe4 36.Re1 Qd5 37.Re7+ Kg6
38.Qd3+ f5 39.Qd2 f4 40.Qxf4 R5b7 41.Re5 Qd8 42.Re6+  1-0

[Event "TCh-ROU 2013"]
[Site "Mamaia ROU"]
[Date "2013.09.05"]
[Round "6.4"]
[White "Nevednichy,V"]
[Black "Raceanu,V"]
[Result "1-0"]
[WhiteElo "2573"]
[BlackElo "2424"]

1.e4 c5 2.Nf3 Nc6 3.Bb5 g6 4.Bxc6 bxc6 5.O-O Bg7 6.c3 Nf6 7.Re1 O-O 8.h3 d6
9.d4 Nd7 10.Be3 Rb8 11.Qd2 Qb6 12.b3 Rd8 13.c4 cxd4 14.Bxd4 Bxd4 15.Nxd4 e5
16.Nf3 Nc5 17.Nc3 a5 18.Rad1 Be6 19.Ng5 a4 20.Nxe6 fxe6 21.Nxa4 Nxa4 22.bxa4 Qc5
23.h4 Rb4 24.h5 Rxc4 25.Qg5 Rf8 26.Re3 Rc1 27.Rxc1 Qxc1+ 28.Kh2 Rxf2 29.hxg6 hxg6
30.Qxg6+ Kf8 31.Qh6+ Ke7 32.a5 Qd2 33.Qg5+ Ke8 34.Qg6+ Ke7 35.Qg5+ Ke8 36.Qh5+ Ke7
37.Rg3 d5 38.a6 Rf6 39.Qh4 Qf4 40.Qxf4 exf4 41.Rg8 f3 42.a7  1-0

[Event "Alushta Autumn 1 2013"]
[Site "Alushta UKR"]
[Date "2013.09.06"]
[Round "5"]
[White "Yandemirov,V"]
[Black "Iljin,T"]
[Result "1/2-1/2"]
[WhiteElo "2423"]
[BlackElo "2385"]

1.e4 c5 2.Nf3 Nc6 3.Bb5 d6 4.d4 cxd4 5.Qxd4 Bd7 6.Bxc6 bxc6 7.c4 Qb6 8.Qd3 e5
9.O-O Be7 10.Nc3 Bg4 11.Rb1 Nf6 12.b4  1/2-1/2

[Event "12th Izmir Open"]
[Site "Izmir TUR"]
[Date "2013.09.06"]
[Round "7.18"]
[White "Peker,Serdar"]
[Black "Ivanov,MM"]
[Result "0-1"]
[WhiteElo "1741"]
[BlackElo "2398"]

1.e4 c5 2.Nf3 Nc6 3.Bb5 g6 4.O-O Bg7 5.Re1 e5 6.d3 Nge7 7.Bg5 h6 8.Be3 Nd4
9.Ba4 O-O 10.c3 Nxf3+ 11.Qxf3 d6 12.Bb3 Kh7 13.Qg3 f5 14.exf5 Nxf5 15.Qf3 Nd4
16.Qd1 Nxb3 17.Qxb3 b6 18.Nd2 d5 19.f3 g5 20.c4 d4 21.Bf2 g4 22.fxg4 Qg5
23.Ne4 Qxg4 24.Qd1 Qg6 25.Bg3 h5 26.Rf1 Bb7 27.Re1 Bh6 28.Bf2 Rf4 29.Qe2 h4
30.Kh1 Rg8 31.g3 h3 32.a3 Rgf8 33.Bg1 Rxe4 34.dxe4 Be3  0-1

[Event "Satka Autumn 2013"]
[Site "Satka RUS"]
[Date "2013.09.06"]
[Round "4"]
[White "Ainutdinova,Y"]
[Black "Lysenko,Mar"]
[Result "1-0"]
[WhiteElo "2098"]
[BlackElo "2048"]

1.e4 c5 2.Nf3 Nc6 3.Bb5 g6 4.O-O Bg7 5.Re1 e6 6.Bxc6 dxc6 7.d3 Ne7 8.a4 b6
9.Nbd2 e5 10.Nc4 f6 11.a5 Be6 12.axb6 Bxc4 13.b7 Rb8 14.dxc4 Rxb7 15.Qxd8+ Kxd8
16.b3 Bf8 17.Be3 Nc8 18.Red1+ Kc7 19.Ne1 Nd6 20.f3 f5 21.Nd3 Nc8 22.Bxc5 Bg7
23.Nb4 Nb6 24.Bd6+ Kd7 25.Bxe5+ Ke6 26.Bxg7 Rxg7 27.Nxc6  1-0

[Event "Chepukaitis Mem Blitz Prelim 2013"]
[Site "St Petersburg RUS"]
[Date "2013.09.07"]
[Round "2.1"]
[White "Ivkina,O"]
[Black "Alekseev,Evgeny"]
[Result "0-1"]
[WhiteElo "2255"]
[BlackElo "2710"]

1.e4 c5 2.Nf3 Nc6 3.Bb5 d6 4.c3 Nf6 5.d4 cxd4 6.Nxd4 Bd7 7.Qe2 e6 8.O-O Be7
9.Bd3 O-O 10.f4 Qc7 11.Na3 a6 12.Nac2 b5 13.Nxc6 Bxc6 14.Nd4 Bb7 15.a4 bxa4
16.Rxa4 Nd7 17.b4 a5 18.bxa5 Nc5 19.Rc4 Ba6 20.f5 e5 21.Nf3 Qxa5 22.Be3 Nxd3
23.Qxd3 Rac8 24.Nd2 Bxc4 25.Nxc4 Qb5  0-1

[Event "Satka Autumn 2013"]
[Site "Satka RUS"]
[Date "2013.09.08"]
[Round "6"]
[White "Semenova,El1"]
[Black "Lysenko,Mar"]
[Result "1-0"]
[WhiteElo "2186"]
[BlackElo "2048"]

1.e4 c5 2.Nf3 Nc6 3.Bb5 g6 4.O-O Bg7 5.Re1 Nd4 6.Bc4 e6 7.Nxd4 cxd4 8.d3 Ne7
9.Bg5 O-O 10.e5 d6 11.exd6 Qxd6 12.Nd2 h6 13.Ne4 Qc7 14.Bd2 b6 15.h4 Bb7
16.a4 a6 17.h5 g5 18.c3 Qc6 19.f3 Nf5 20.Rc1 Qc7 21.b4 Rad8 22.Bb3 Qb8 23.a5 Be5
24.axb6 Bh2+ 25.Kf1 Ng3+ 26.Nxg3 Bxg3 27.c4 Bxe1 28.Bxe1 Qh2 29.c5 Bc6 30.Bf2 g4
31.Ba4 Bxa4 32.Qxa4 gxf3 33.c6 fxg2+ 34.Ke2 Qe5+ 35.Kd1 Qxh5+ 36.Kd2 Qf3
37.Bg1 Rd5 38.Re1 Qf4+ 39.Kd1 Re5 40.Rxe5 Qxe5 41.Qc2 Qf4 42.Qxg2+ Kh8 43.Bh2 Qf5
44.Qe2 f6 45.b7 Qd5 46.b8=R Rxb8 47.Bxb8 Qxc6 48.Bf4 Qa4+ 49.Qc2 Qxb4 50.Qc8+ Kg7
51.Qxe6 Qb1+ 52.Ke2 Qb7 53.Qh3 Qe7+ 54.Kd1 Qb4 55.Qxh6+ Kf7 56.Qh7+ Ke6 57.Qe4+ Kf7
58.Bd2 Qb6 59.Be1 a5 60.Qd5+ Kg6 61.Bxa5 Qb1+ 62.Ke2 Qc2+ 63.Bd2 Qb2 64.Qe4+ Kf7
65.Qc6 Kg6 66.Qc5 Kg7 67.Qb4 Qa1 68.Be1 Qa2+ 69.Kf1 Qa1 70.Qe7+ Kg6 71.Qe4+ Kg7
72.Kg2 Qc1 73.Qg4+ Kf7 74.Bf2 Qc6+ 75.Kh2 Qd6+ 76.Kh3 Qd5 77.Qxd4 Qf3+ 78.Kh2 Qh5+
79.Qh4 Qe5+ 80.Qg3 Qh5+ 81.Kg1 Qd1+ 82.Kg2 Qd2 83.d4 Qd1 84.Qe3 Kg7 85.Qe4  1-0

[Event "12th Kesarovski Mem"]
[Site "Sunny Beach BUL"]
[Date "2013.09.08"]
[Round "9.6"]
[White "Zhou,Y"]
[Black "Pantev,V"]
[Result "1-0"]
[WhiteElo "2481"]
[BlackElo "2408"]

1.e4 c5 2.Nf3 Nc6 3.Bb5 g6 4.Bxc6 dxc6 5.h3 Bg7 6.d3 Nf6 7.Nc3 O-O 8.O-O b6
9.Be3 Nd7 10.Qd2 Re8 11.Bh6 Nf8 12.Bxg7 Kxg7 13.Ne2 e5 14.Qe3 Qf6 15.a4 a5
16.Nd2 Ba6 17.b3 Ne6 18.f4 exf4 19.Nxf4 Qd4 20.Nxe6+ Rxe6 21.Rae1 Re7 22.Kh1 Qxe3
23.Rxe3 Bc8 24.Nc4 Rb8 25.Ref3 Be6 26.Ne5 Rc7 27.R3f2 h6 28.Kh2 Re8 29.Nf3 Rd8
30.Ra1 Ra7 31.Ne5 Rc8 32.Raf1 Rb7 33.Rf6 Re7 34.g4 b5 35.Kg3 bxa4 36.bxa4 Rb7
37.Nxg6 Rb4 38.Ne5 Rc7 39.h4 c4 40.g5 cxd3 41.cxd3 Bb3 42.gxh6+ Kg8 43.Kf4 Rxa4
44.Rg1+ Kh8 45.Rg7 Ra1 46.Ng6+  1-0

[Event "Linares Femenin Int 2013"]
[Site "Linares ESP"]
[Date "2013.09.09"]
[Round "3.3"]
[White "Hernandez Estevez,Y"]
[Black "Savina,A"]
[Result "0-1"]
[WhiteElo "2248"]
[BlackElo "2390"]

1.e4 c5 2.Nf3 Nc6 3.Bb5 d6 4.O-O Bd7 5.Re1 a6 6.Bf1 Bg4 7.c3 Nf6 8.h3 Bxf3
9.Qxf3 g6 10.Qd1 Bg7 11.d3 O-O 12.Nd2 b5 13.a3 Nd7 14.Nf3 b4 15.axb4 cxb4
16.d4 bxc3 17.bxc3 a5 18.Be3 Qc7 19.Ra3 Nb6 20.Nd2 Rfc8 21.Qb1 d5 22.e5 a4
23.Qb5 Na5 24.Rc1 e6 25.Raa1 Bf8 26.Qd3 a3 27.Nc4 Nbxc4  0-1

[Event "6th Sabadell Open"]
[Site "Sabadell ESP"]
[Date "2013.09.09"]
[Round "8.11"]
[White "Nadal Fajardo,Ricard"]
[Black "Valencia Jimenez,J"]
[Result "0-1"]
[WhiteElo "1962"]
[BlackElo "2126"]

1.e4 c5 2.Nf3 Nc6 3.Bb5 g6 4.O-O Bg7 5.c3 Nf6 6.Re1 O-O 7.d4 cxd4 8.cxd4 d5
9.e5 Ne4 10.Nbd2 Nxd2 11.Bxd2 Qb6 12.Bxc6 bxc6 13.Bc3 Rb8 14.Nd2 c5 15.Nb3 c4
16.Nc5 f6 17.e6 f5 18.Qe2 Qd6 19.a4 Rb6 20.Qf3 Rf6 21.Re2 g5 22.g3 g4 23.Qg2 f4
24.f3 gxf3 25.Qxf3 fxg3 26.Qh5 Rg6 27.Qf5 Bf6 28.Rae1 Rc6 29.Nd7 Bxd7 30.exd7 e6
31.Qxe6+ Kg7 32.Qe8 gxh2+ 33.Kh1 Qf4 34.Qe3 Qxe3 35.Rxe3 Rd6 36.Kxh2 Rxd7
37.Re8 Rg4 38.Rg1 Rxg1 39.Kxg1 h5 40.Kg2 Kg6 41.Kf3 Kf5 42.a5 h4 43.Kg2 Re7
44.Rb8 Kg4 45.Rg8+ Bg5  0-1

[Event "Mohamed Slama Mem 2013"]
[Site "Monastir TUN"]
[Date "2013.09.10"]
[Round "2.4"]
[White "Haddouche,M"]
[Black "Amdouni,Z"]
[Result "1-0"]
[WhiteElo "2462"]
[BlackElo "2253"]

1.e4 c5 2.Nf3 Nc6 3.Bb5 e6 4.Bxc6 bxc6 5.d3 Ne7 6.Bd2 f6 7.e5 fxe5 8.Nxe5 d6
9.Nc4 Nd5 10.Nc3 Nf6 11.O-O Be7 12.f4 O-O 13.Qe2 Qc7 14.Rae1 Bd7 15.Ne4 d5
16.Nxf6+ gxf6 17.f5 e5 18.Bh6 Rf7 19.Ne3 Kh8 20.Qh5 Be8 21.Rf3 Bf8 22.Rg3 Qe7
23.Ng4 Bd7 24.Bxf8 Raxf8 25.Nh6 Rg7 26.Rxg7 Qxg7 27.Re3 Qg5 28.Qxg5 fxg5
29.Rxe5 Kg7 30.Re7+ Kxh6 31.Rxd7 g4 32.Rd6+ Kg5 33.Rxc6 Rxf5 34.Rxc5 Kf4
35.Kf2 Ke5+ 36.Kg3  1-0

[Event "Satka Autumn 2013"]
[Site "Satka RUS"]
[Date "2013.09.10"]
[Round "8"]
[White "Saunina,L"]
[Black "Lysenko,Mar"]
[Result "1-0"]
[WhiteElo "2195"]
[BlackElo "2048"]

1.e4 c5 2.Nf3 Nc6 3.Bb5 g6 4.O-O Bg7 5.Re1 Nd4 6.Nxd4 cxd4 7.c3 a6 8.Qa4 Rb8
9.Bf1 b5 10.Qb4 Qb6 11.a4 bxa4 12.Qxb6 Rxb6 13.Rxa4 dxc3 14.dxc3 e6 15.Na3 Nf6
16.Nc4 Rc6 17.e5 Nd5 18.Nd6+ Ke7 19.Nxc8+ Rhxc8 20.Rxa6 Rxa6 21.Bxa6 Rc5
22.f4 d6 23.exd6+ Kxd6 24.Rd1 Kc6 25.Be2 Kc7 26.Bd2 Nb6 27.Ra1 Kb8 28.Be3 Rc6
29.Ra6 Kb7 30.Kf2 e5 31.fxe5 Bxe5 32.Ra5 Re6 33.Bf3+ Kc7 34.Ra7+ Kd8 35.Rxf7 Bxh2
36.Bg5+ Ke8 37.Rxh7 Be5 38.Bg4  1-0

[Event "Satka Autumn 2013"]
[Site "Satka RUS"]
[Date "2013.09.11"]
[Round "9"]
[White "Pranizina,Alina"]
[Black "Dolgaeva,Evgenia"]
[Result "0-1"]
[WhiteElo "1867"]
[BlackElo "1850"]

1.e4 c5 2.Nf3 Nc6 3.Bb5 e6 4.Bxc6 dxc6 5.d3 Qc7 6.O-O Bd6 7.Re1 e5 8.h3 Ne7
9.Nbd2 b5 10.Nf1 h6 11.Be3 Be6 12.Qd2 a5 13.c3 Ng6 14.Ng3 Qd7 15.Nh5 f6 16.Bxh6 Bf8
17.a4 Kf7 18.axb5 cxb5 19.d4 Rxh6 20.Qe2 Bc4 21.Qe3 Rxh5 22.Rad1 cxd4 23.cxd4 Nf4
24.Nh2 Nxh3+ 25.Kh1 Bb4 26.dxe5 Qe6 27.Qf3 Rah8  0-1

[Event "ch-Vienna State 2013"]
[Site "Vienna AUT"]
[Date "2013.09.13"]
[Round "7.2"]
[White "Weinzettl,E"]
[Black "Baumegger,S"]
[Result "1/2-1/2"]
[WhiteElo "2300"]
[BlackElo "2468"]

1.e4 c5 2.Nf3 Nc6 3.Bb5 d6 4.Bxc6+ bxc6 5.O-O Bg4 6.h3 Bh5 7.e5 e6 8.exd6 Bxd6
9.d3 Nf6 10.Nc3 Nd5 11.Ne4 O-O 12.Qe2 Re8 13.Nxd6 Qxd6 14.Qe5 Qxe5 15.Nxe5 Nb4
16.c3 f6 17.cxb4 fxe5 18.bxc5 Red8  1/2-1/2

[Event "TCh-CRO Ia Liga 2013"]
[Site "Bol CRO"]
[Date "2013.09.15"]
[Round "2.2"]
[White "Sax,G"]
[Black "Fedorchuk,S"]
[Result "1/2-1/2"]
[WhiteElo "2436"]
[BlackElo "2667"]

1.e4 c5 2.Nf3 Nc6 3.Bb5 e6 4.O-O Nge7 5.c3 a6 6.Ba4 b5 7.Bc2 Bb7 8.Qe2 Ng6
9.d4 cxd4 10.cxd4 Rc8 11.Rd1 Qc7 12.Nc3 Be7 13.Be3 Na5 14.Rac1 Nc4 15.Bb3 Nxe3
16.Qxe3 Qf4 17.Ne2 Qxe3 18.Rxc8+ Bxc8 19.fxe3 Bb7 20.e5 O-O 21.Rc1 Rb8 22.Kf2 Kf8
23.Bc2 f6 24.exf6 gxf6 25.Bd3 f5 26.Nf4 Ke8 27.Rc2 Bf6 28.Nh5 Bd8 29.Nf4 Nxf4
30.exf4 Bb6 31.Ke3 Ke7 32.Ne5 Rg8 33.g4 d6 34.Nc6+ Kd7 35.gxf5 Re8 36.Nb4 exf5+
37.Kd2 Ke6 38.Nc6 Kd5 39.Nb4+ Kxd4 40.Bxf5 Ba5 41.a3 Be4 42.Rc8 Re7 43.Bxe4 Rxe4  1/2-1/2

[Event "TCh-CRO 2a Liga 2013"]
[Site "Bol CRO"]
[Date "2013.09.16"]
[Round "3.3"]
[White "Kadric,D"]
[Black "Bogut,Z"]
[Result "1/2-1/2"]
[WhiteElo "2470"]
[BlackElo "2430"]

1.e4 c5 2.Nf3 Nc6 3.Bb5 Nf6 4.Bxc6 bxc6 5.e5 Nd5 6.O-O g6 7.c4 Nc7 8.b3 Bg7
9.Bb2 d5 10.d3 dxc4 11.dxc4 Qxd1 12.Rxd1 Bg4 13.Nbd2 O-O-O 14.h3 Bxf3 15.Nxf3 Ne6
16.g3 g5 17.Ne1 h5 18.Kg2 h4 19.Nf3 hxg3 20.fxg3 Rhg8 21.Nh2  1/2-1/2

[Event "Slama Mem Schev 2013"]
[Site "Monastir TUN"]
[Date "2013.09.17"]
[Round "2.5"]
[White "Boudriga,M"]
[Black "Miladinovic,I"]
[Result "1/2-1/2"]
[WhiteElo "2274"]
[BlackElo "2572"]

1.e4 c5 2.Nf3 Nc6 3.Bb5 e6 4.Bxc6 bxc6 5.d3 Ne7 6.O-O Ng6 7.Ng5 f6 8.Nh3 d5
9.f4 dxe4 10.dxe4 Ba6 11.Qxd8+ Kxd8 12.Rd1+ Kc7 13.Nc3 Be7 14.Be3 Nf8 15.Nf2 Nd7
16.Nd3 c4 17.Nc1 Nb6 18.N1e2 Rad8 19.Kf2 h5 20.Rxd8 Rxd8 21.Rd1 Rxd1 22.Nxd1 c5  1/2-1/2

[Event "XVII Mercosur Cup 2013"]
[Site "Villa Martelli ARG"]
[Date "2013.09.18"]
[Round "4.3"]
[White "Obregon,A"]
[Black "Pichot,A"]
[Result "1-0"]
[WhiteElo "2511"]
[BlackElo "2412"]

1.e4 c5 2.Nf3 Nc6 3.Bb5 e6 4.O-O Nge7 5.c3 d5 6.exd5 Qxd5 7.d4 cxd4 8.Qe2 Nf5
9.Rd1 a6 10.Bxc6+ Qxc6 11.cxd4 Be7 12.Nc3 O-O 13.Bf4 b5 14.d5 Qc4 15.Qxc4 bxc4
16.Nd2 Bd6 17.Bxd6 Nxd6 18.Nf3 Nb5 19.Ne5 Nxc3 20.bxc3 exd5 21.Rxd5 Be6 22.Rd6 g6
23.Nc6 Rfe8 24.Nd4 Red8 25.Rb6 Bd5 26.f3 Kg7 27.Kf2 Rd7 28.Rab1 a5 29.R1b5 a4
30.a3 f6 31.Rb8 Raa7 32.h4 Bf7 33.Ke3 Re7+ 34.Kf2 Red7 35.g4 Bd5 36.Ke3 Bf7
37.Kf4 Bd5 38.R5b6 Ra5 39.Rc8 Kf7 40.Rbb8 Kg7 41.Rd8 Re7 42.Rd6 Rc5 43.Rbb6 Rf7
44.Ra6  1-0